00464nam a22001577a 450000500170000001000150001702000260003203500130005803700210007108200060009210000180009824500790011626000380019527000480023330000250028120140303121041.0 aENG-109402 a9788190706179c495.00 aEN-92935 bDBAD/Distributor aS aMitra, Sandip aDiscovery of the hiddenself /cby Sandip Mitra ; foreworded by Arati Nandi aKolkatabPradip Kumar Mitrac2014 a40, Bansdroni Govt. ColonybKolkatae700070 aviii,161p.c22cm(Hb)